[Event "CRO Cup"]
[Site "Mali Losinj"]
[Date "2025.05.15"]
[Round "2.3"]
[White "Cvitan, Ena"]
[Black "Pavic, Filip"]
[Result "1/2-1/2"]
[WhiteElo "2224"]
[BlackElo "2282"]
[PlyCount "34"]
[EventDate "2025.05.14"]
[EventType "team-tourn"]
[EventRounds "6"]
[EventCountry "CRO"]
[SourceTitle "CB21_2025"]
[SourceDate "2025.05.21"]
[SourceVersion "1"]
[SourceVersionDate "2025.05.21"]
[SourceQuality "1"]
[WhiteTeam "Nasice Slavonac"]
[BlackTeam "Sveti Ivan Zabno"]
[WhiteTeamCountry "CRO"]
[BlackTeamCountry "CRO"]

1. d4 Nf6 2. c4 e6 3. Nc3 Bb4 4. e3 0-0 5. Nge2 c6 6. a3 Ba5 7. b4 Bc7 8. Ng3 d5 9. Be2 Nbd7 10. 0-0 dxc4 11. Bxc4 e5 12. Bb3 exd4 13. exd4 Re8 14. d5 Be5 15. dxc6 Bxc3 16. cxd7 Qxd7 17. Ra2 Qxd1 1/2-1/2

[Event "CRO Cup"]
[Site "Mali Losinj"]
[Date "2025.05.14"]
[Round "1.3"]
[White "Medancic, Rikard"]
[Black "Cvitan, Ena"]
[Result "1/2-1/2"]
[WhiteElo "2144"]
[BlackElo "2224"]
[PlyCount "26"]
[EventDate "2025.05.14"]
[EventType "team-tourn"]
[EventRounds "6"]
[EventCountry "CRO"]
[SourceTitle "CB21_2025"]
[SourceDate "2025.05.21"]
[SourceVersion "1"]
[SourceVersionDate "2025.05.21"]
[SourceQuality "1"]
[WhiteTeam "Zagreb Agroproteinka"]
[BlackTeam "Nasice Slavonac"]
[WhiteTeamCountry "CRO"]
[BlackTeamCountry "CRO"]

1. e4 c6 2. d4 d5 3. exd5 cxd5 4. Bd3 Nc6 5. c3 Nf6 6. Nf3 Bg4 7. h3 Bh5 8. Nbd2 e6 9. 0-0 Bd6 10. Re1 0-0 11. g4 Bg6 12. Bxg6 hxg6 13. Ne5 Bxe5 1/2-1/2

[Event "Olympiad Women-45"]
[Site "Budapest"]
[Date "2024.09.22"]
[Round "11.1"]
[White "Cvitan, Ena"]
[Black "Shohradova, Lala"]
[Result "0-1"]
[WhiteElo "2259"]
[BlackElo "2030"]
[PlyCount "70"]
[EventDate "2024.09.11"]
[EventType "team-swiss"]
[EventRounds "11"]
[EventCountry "HUN"]
[SourceTitle "EXT 2025"]
[Source "ChessBase"]
[SourceDate "2024.10.14"]
[SourceVersion "1"]
[SourceVersionDate "2024.10.14"]
[SourceQuality "1"]
[WhiteTeam "Croatia (W)"]
[BlackTeam "Turkmenistan (W)"]
[WhiteTeamCountry "CRO"]
[BlackTeamCountry "TKM"]

1. d4 d5 2. c4 e6 3. Nc3 Nf6 4. cxd5 exd5 5. Bg5 Be7 6. e3 Nbd7 7. Bd3 c6 8. Nf3 0-0 9. Qc2 Re8 10. 0-0 Nf8 11. Rae1 Ng6 12. Ne5 Ng4 13. Bxe7 Qxe7 14. f4 N4xe5 15. fxe5 Be6 16. Rf3 c5 17. Qf2 a6 18. Ne2 c4 19. Bb1 b5 20. Nf4 Nxf4 21. Rxf4 a5 22. Rf1 b4 23. Rf6 gxf6 24. Bxh7+ Kf8 25. exf6 Qd6 26. Qh4 Red8 27. e4 Ke8 28. exd5 Qxd5 29. Be4 Qxd4+ 30. Kh1 Ra6 31. h3 Rad6 32. Rf4 Qe5 33. Bg6 Rd1+ 34. Kh2 R8d4 35. Bxf7+ Bxf7 0-1

[Event "Olympiad Women-45"]
[Site "Budapest"]
[Date "2024.09.21"]
[Round "10.1"]
[White "Nassr, Lina"]
[Black "Cvitan, Ena"]
[Result "0-1"]
[WhiteElo "2010"]
[BlackElo "2259"]
[PlyCount "172"]
[EventDate "2024.09.11"]
[EventType "team-swiss"]
[EventRounds "11"]
[EventCountry "HUN"]
[SourceTitle "EXT 2025"]
[Source "ChessBase"]
[SourceDate "2024.10.14"]
[SourceVersion "1"]
[SourceVersionDate "2024.10.14"]
[SourceQuality "1"]
[WhiteTeam "Algeria (W)"]
[BlackTeam "Croatia (W)"]
[WhiteTeamCountry "ALG"]
[BlackTeamCountry "CRO"]

1. e4 c6 2. Nf3 d5 3. exd5 cxd5 4. Ne5 a6 5. d4 Nc6 6. c4 Nf6 7. Nxc6 bxc6 8. Nd2 g6 9. Qa4 Bd7 10. c5 Bg7 11. Bd3 0-0 12. 0-0 Qc7 13. Nf3 Nh5 14. Re1 Rfe8 15. Ne5 f6 16. Nxd7 Qxd7 17. Be3 e5 18. Rad1 Qb7 19. Bf1 Bf8 20. g4 Ng7 21. g5 fxg5 22. Bxg5 Ne6 23. Rxe5 Bg7 24. Be3 Bxe5 25. dxe5 a5 26. Bh3 Rac8 27. Qh4 Qe7 28. Qa4 Qc7 29. f4 Rb8 30. Qc2 Rb4 31. Bxe6+ Rxe6 32. Bd4 Qf7 33. Qd2 Qf5 34. Re1 g5 35. a3 Rc4 36. Bc3 gxf4 37. Kh1 Kf7 38. Qf2 Rxc3 39. bxc3 Rxe5 40. Rxe5 Qxe5 41. Qh4 Qe4+ 42. Kg1 f3 43. Qg3 Qb1+ 44. Kf2 Qc2+ 45. Kf1 Qd3+ 46. Kf2 Qe2+ 47. Kg1 Qe3+ 48. Kf1 Qxc5 49. Qxf3+ Ke7 50. Qe2+ Kd8 51. Qe5 Qxa3 52. Qb8+ Kd7 53. Qb7+ Kd6 54. Qb8+ Ke6 55. Qe8+ Qe7 56. Qxc6+ Ke5 57. Qa4 Kf5 58. Qxa5 Qe4 59. Qc5 Qh1+ 60. Ke2 Qxh2+ 61. Kd3 Qg3+ 62. Kd2 Qf4+ 63. Kd1 Qf3+ 64. Kd2 Kg4 65. Qg1+ Kh3 66. Qa7 h5 67. Qd7+ Kg2 68. Qg7+ Kf2 69. Qd4+ Kf1 70. Qe5 Kf2 71. Qh2+ Kf1 72. Qe5 Kg2 73. Qg5+ Kh3 74. Qh6 h4 75. Kc2 Qe4+ 76. Kd2 Kg3 77. Qg5+ Kh2 78. Qg7 h3 79. Qh6 Qg2+ 80. Ke1 Qf3 81. Qd2+ Kh1 82. Qd4 Qe4+ 83. Kf1 Qg2+ 84. Ke1 Qg1+ 85. Ke2 Qxd4 86. cxd4 Kg2 0-1

[Event "Pula op 36th"]
[Site "Pula"]
[Date "2024.06.22"]
[Round "7"]
[White "Cvitan, Ena"]
[Black "Hadzi Manev, Ljubomir"]
[Result "1-0"]
[WhiteElo "2256"]
[BlackElo "1930"]
[PlyCount "110"]
[EventDate "2024.06.16"]
[EventType "swiss"]
[EventRounds "9"]
[EventCountry "CRO"]
[SourceTitle "CBM 220 Extra"]
[Source "ChessBase"]
[SourceDate "2024.07.31"]
[SourceVersion "1"]
[SourceVersionDate "2024.07.31"]
[SourceQuality "1"]

1. d4 d5 2. Nf3 e6 3. Bf4 c5 4. e3 Nc6 5. Nbd2 Qb6 6. dxc5 Bxc5 7. Nb3 Be7 8. a4 Nf6 9. a5 Qd8 10. Nfd4 a6 11. Be2 Bd6 12. Nxc6 bxc6 13. Qd4 0-0 14. 0-0 Ne4 15. Bf3 c5 16. Qd1 Bxf4 17. exf4 Qc7 18. Bxe4 dxe4 19. Qe2 Bb7 20. Qe3 Rac8 21. Rfd1 f5 22. Nd2 Bd5 23. Nf1 g5 24. fxg5 f4 25. Qh3 Qe5 26. c4 Bc6 27. Re1 Rf5 28. Nd2 Qd4 29. Qh6 Re8 30. g6 hxg6 31. Qxg6+ Kf8 32. Rad1 e3 33. fxe3 fxe3 34. Qh6+ Kf7 35. Qxe3 Qxb2 36. Ne4 Bxe4 37. Qxe4 Qf2+ 38. Kh1 Re7 39. h3 Kf6 40. Rd6 Kf7 41. Rxa6 Rg5 42. Re2 Qf1+ 43. Kh2 Rg6 44. Qf3+ Qxf3 45. gxf3 Kf6 46. Rc6 Kf5 47. Rxc5+ Kf4 48. Rg2 Rh6 49. Rc8 Rxh3+ 50. Kg1 Rb7 51. Rf8+ Ke3 52. Rg6 e5 53. Rg5 e4 54. fxe4 Rb2 55. Rb5 Ra2 1-0

[Event "Mitropa Cup (Women)"]
[Site "Apolda"]
[Date "2024.02.17"]
[Round "3.5"]
[White "Cvitan, Ena"]
[Black "Terbe, Julianna"]
[Result "1/2-1/2"]
[WhiteElo "2239"]
[BlackElo "2319"]
[PlyCount "83"]
[EventDate "2024.02.15"]
[EventType "team-tourn"]
[EventRounds "9"]
[EventCountry "GER"]
[SourceTitle "CBM 218 Extra"]
[Source "ChessBase"]
[SourceDate "2024.03.31"]
[SourceVersion "1"]
[SourceVersionDate "2024.03.31"]
[SourceQuality "1"]
[WhiteTeam "Croatia (W)"]
[BlackTeam "Hungary (W)"]
[WhiteTeamCountry "CRO"]
[BlackTeamCountry "HUN"]

1. d4 g6 2. e4 Bg7 3. c3 d6 4. Bd3 e5 5. Nf3 Nd7 6. 0-0 Ngf6 7. Re1 0-0 8. Nbd2 h6 9. a4 a5 10. Nc4 exd4 11. cxd4 d5 12. exd5 Nxd5 13. Bd2 c5 14. Bc3 cxd4 15. Bxd4 Bxd4 16. Nxd4 Nc5 17. Bf1 Nf4 18. Ne5 Qg5 19. Ra3 Rd8 20. Rg3 Qf6 21. Qc1 Rxd4 22. Qxc5 Rd5 23. Qc3 Be6 24. Nxg6 Qxc3 25. Nxf4+ Qxg3 26. hxg3 Rd6 27. Nxe6 fxe6 28. Bc4 Kf7 29. f4 Rc8 30. b3 Rc5 31. g4 Kf6 32. Kf2 e5 33. Rh1 Rd2+ 34. Ke3 Rxg2 35. Kf3 Rd2 36. Rxh6+ Kg7 37. Rb6 exf4 38. Rxb7+ Kg6 39. Kxf4 Rd4+ 40. Kf3 Rdxc4 41. bxc4 Rxc4 42. Rb6+ 1/2-1/2

[Event "Mitropa Cup (Women)"]
[Site "Apolda"]
[Date "2024.02.16"]
[Round "2.17"]
[White "Walterova, Ema"]
[Black "Cvitan, Ena"]
[Result "0-1"]
[WhiteElo "2124"]
[BlackElo "2239"]
[PlyCount "58"]
[EventDate "2024.02.15"]
[EventType "team-tourn"]
[EventRounds "9"]
[EventCountry "GER"]
[SourceTitle "CBM 218 Extra"]
[Source "ChessBase"]
[SourceDate "2024.03.31"]
[SourceVersion "1"]
[SourceVersionDate "2024.03.31"]
[SourceQuality "1"]
[WhiteTeam "Slovakia (W)"]
[BlackTeam "Croatia (W)"]
[WhiteTeamCountry "SVK"]
[BlackTeamCountry "CRO"]

1. e4 c6 2. d4 d5 3. exd5 cxd5 4. Bd3 Nc6 5. c3 e6 6. Nf3 Bd6 7. 0-0 Nge7 8. Re1 Qc7 9. Nbd2 Bd7 10. Nf1 0-0-0 11. b4 f6 12. a4 Kb8 13. b5 Na5 14. Ba3 Bxa3 15. Rxa3 Qd6 16. Ra2 Rc8 17. Rc2 g5 18. N3d2 Rc7 19. c4 dxc4 20. Nxc4 Nxc4 21. Bxc4 Nf5 22. Re4 e5 23. d5 Rhc8 24. Bb3 Rxc2 25. Bxc2 Nd4 26. Bb3 Qa3 27. Re3 Rc1 28. Bc4 Qa1 29. Qd3 Bf5 0-1

[Event "AUT-chT (Women) 2324"]
[Site "Austria"]
[Date "2023.11.26"]
[Round "3.1"]
[White "Heinatz, Gundula"]
[Black "Cvitan, Ena"]
[Result "0-1"]
[WhiteElo "2159"]
[BlackElo "2235"]
[PlyCount "118"]
[EventDate "2023.11.24"]
[EventType "team-tourn"]
[EventRounds "9"]
[EventCountry "AUT"]
[SourceTitle "CBM 217 Extra"]
[Source "ChessBase"]
[SourceDate "2024.01.31"]
[SourceVersion "1"]
[SourceVersionDate "2024.01.31"]
[SourceQuality "1"]
[WhiteTeam "Dornbirn (W)"]
[BlackTeam "Wulkaprodersdorf (W)"]
[WhiteTeamCountry "AUT"]
[BlackTeamCountry "AUT"]

1. d4 d5 2. Nf3 e6 3. Bf4 Bd6 4. Bg3 c5 5. e3 Qc7 6. Ne5 Nd7 7. Bb5 Ne7 8. Nc3 0-0 9. Bxd7 Bxd7 10. Nxd7 Qxd7 11. dxc5 Bxc5 12. 0-0 Rfd8 13. Qd3 Nf5 14. Bf4 Qe7 15. Rad1 Bb4 16. Ne2 Bd6 17. c3 Bxf4 18. Nxf4 Nd6 19. Qe2 h6 20. a3 Rac8 21. Rfe1 Rc6 22. Nd3 Rdc8 23. f3 Qg5 24. Qf2 Rc4 25. Re2 a6 26. Qg3 Qxg3 27. hxg3 R4c7 28. g4 Kf8 29. Kf2 Ke7 30. Rh1 f6 31. Rd1 Rc4 32. Red2 a5 33. Nc1 R4c6 34. Nd3 Rb6 35. Re2 Nc4 36. Rde1 Rd8 37. Rc1 Rb5 38. Rcc2 e5 39. Rc1 e4 40. Ne1 Nxb2 41. Kg3 Nc4 42. Nc2 Rb2 43. Ree1 Rd7 44. f4 Rb3 45. Nd4 Rxa3 46. Re2 Nd6 47. Rb2 Rc7 48. Rbc2 Ra4 49. f5 Rc8 50. Kf4 Rac4 51. Ra1 a4 52. Rb2 R8c7 53. Rb6 Rxc3 54. Rxa4 Nc4 55. Re6+ Kf7 56. Nb5 Nxe3 57. Nd6+ Kg8 58. Kg3 Nxf5+ 59. Kh2 Nxd6 0-1

[Event "AUT-chT (Women) 2324"]
[Site "Austria"]
[Date "2023.11.25"]
[Round "2.2"]
[White "Schloffer, Jasmin Denise"]
[Black "Cvitan, Ena"]
[Result "0-1"]
[WhiteElo "2152"]
[BlackElo "2235"]
[PlyCount "236"]
[EventDate "2023.11.24"]
[EventType "team-tourn"]
[EventRounds "9"]
[EventCountry "AUT"]
[SourceTitle "CBM 217 Extra"]
[Source "ChessBase"]
[SourceDate "2024.01.31"]
[SourceVersion "1"]
[SourceVersionDate "2024.01.31"]
[SourceQuality "1"]
[WhiteTeam "Mayrhofen/Zillertal (W)"]
[BlackTeam "Wulkaprodersdorf (W)"]
[WhiteTeamCountry "AUT"]
[BlackTeamCountry "AUT"]

1. d4 d5 2. c4 e6 3. Nc3 Be7 4. cxd5 exd5 5. Bf4 c6 6. e3 Bf5 7. Bd3 Bxd3 8. Qxd3 Nf6 9. h3 Nbd7 10. Nf3 0-0 11. 0-0 Re8 12. Rab1 a5 13. Bh2 Nf8 14. Ne5 Bd6 15. f4 N6d7 16. e4 Nb6 17. exd5 cxd5 18. Rfe1 Rc8 19. Qb5 Ne6 20. Nf3 Rc6 21. f5 Bxh2+ 22. Kxh2 Nc7 23. Rxe8+ Qxe8 24. Qd3 Nc4 25. Re1 Qd8 26. b3 Nd6 27. Ne5 Ra6 28. Qf3 Ndb5 29. Nxb5 Nxb5 30. Ng4 h5 31. Ne5 Qh4 32. Rd1 Rd6 33. Qd3 Qf4+ 34. Kh1 Na7 35. Rf1 Qe4 36. Qc3 Nc6 37. Nxc6 Rxc6 38. Qxa5 Rc2 39. Qd8+ Kh7 40. Qg5 Rxa2 41. Qxh5+ Kg8 42. Qg5 f6 43. Qg3 Qxd4 44. Re1 Ra1 45. Kh2 Rxe1 46. Qxe1 Qf4+ 47. Qg3 Qxf5 48. Qb8+ Kh7 49. Qxb7 d4 50. Qb4 Qf4+ 51. Kg1 Qe3+ 52. Kf1 f5 53. Qe1 Qf4+ 54. Kg1 d3 55. Qd1 Qe3+ 56. Kf1 Kg6 57. b4 Qf4+ 58. Kg1 d2 59. b5 Qd4+ 60. Kf1 Qc4+ 61. Kf2 Qc5+ 62. Kf3 Qd5+ 63. Kf2 Qc5+ 64. Kf3 Qd4 65. Ke2 Qe4+ 66. Kf2 Qd3 67. b6 Qd4+ 68. Ke2 Qe4+ 69. Kf2 Qd4+ 70. Ke2 Qd5 71. Kf2 Qc5+ 72. Ke2 Qc6 73. Kxd2 Qxg2+ 74. Qe2 Qd5+ 75. Ke1 Qa5+ 76. Kf1 Qxb6 77. Qe8+ Kg5 78. Qe7+ Qf6 79. Qe2 Qa1+ 80. Kg2 Qa8+ 81. Kh2 Qe4 82. Qb2 g6 83. Qb6 Qe2+ 84. Kh1 Qe4+ 85. Kh2 Qc2+ 86. Kh1 Qd1+ 87. Kh2 Qe2+ 88. Kg1 Kh5 89. Qf6 Qe3+ 90. Kh2 Qd2+ 91. Kh1 f4 92. Qh8+ Kg5 93. Qe5+ Kh4 94. Qe6 Qd1+ 95. Kh2 Qd2+ 96. Kh1 Qd1+ 97. Kh2 Qc2+ 98. Kg1 Qc5+ 99. Kf1 Qg5 100. Qd7 Kg3 101. Qe6 Qb5+ 102. Ke1 Qb1+ 103. Kd2 Qb2+ 104. Kd1 Qd4+ 105. Kc2 Qf2+ 106. Kd1 Qf1+ 107. Kd2 Qg2+ 108. Kd1 Qxh3 109. Qe1+ Kg4 110. Qe6+ Kh4 111. Qf6+ Kg3 112. Ke1 Qh1+ 113. Kd2 Qd5+ 114. Ke1 g5 115. Qc3+ Qf3 116. Qg7 g4 117. Qc7 Qe3+ 118. Kd1 Kg2 0-1

[Event "AUT-chT (Women) 2324"]
[Site "Austria"]
[Date "2023.11.24"]
[Round "1.2"]
[White "Gueci, Tea"]
[Black "Cvitan, Ena"]
[Result "1-0"]
[WhiteElo "2160"]
[BlackElo "2235"]
[PlyCount "109"]
[EventDate "2023.11.24"]
[EventType "team-tourn"]
[EventRounds "9"]
[EventCountry "AUT"]
[SourceTitle "CBM 217 Extra"]
[Source "ChessBase"]
[SourceDate "2024.01.31"]
[SourceVersion "1"]
[SourceVersionDate "2024.01.31"]
[SourceQuality "1"]
[WhiteTeam "Schach ohne Grenzen (W)"]
[BlackTeam "Wulkaprodersdorf (W)"]
[WhiteTeamCountry "AUT"]
[BlackTeamCountry "AUT"]

1. e4 c6 2. d4 d5 3. e5 c5 4. dxc5 e6 5. a3 Bxc5 6. Nf3 Ne7 7. b4 Bb6 8. Bb2 a5 9. b5 Nd7 10. c4 Nc5 11. Nbd2 0-0 12. Be2 Bd7 13. 0-0 Rc8 14. a4 Ng6 15. g3 Ne4 16. Nxe4 dxe4 17. Nd2 e3 18. Ne4 exf2+ 19. Kg2 Be8 20. Ba3 Bd4 21. Ra2 Nxe5 22. Rd2 Nxc4 23. Bxc4 Rxc4 24. Nd6 Rc3 25. Rxd4 Rxa3 26. Nc4 Qe7 27. Nxa3 Qxa3 28. Rxf2 f6 29. Rc4 Qe3 30. Qd2 Qe5 31. Qd4 Qxd4 32. Rxd4 e5 33. Rd6 Bg6 34. Rfd2 Be4+ 35. Kf2 g6 36. Rd8 Rxd8 37. Rxd8+ Kf7 38. b6 Bc6 39. Rc8 Bxa4 40. Rc7+ Ke8 41. Rxb7 Kd8 42. Rc7 Bb5 43. Rc5 Ba6 44. Rxa5 Bb7 45. Rc5 h5 46. Rc7 Be4 47. Rf7 Kc8 48. Rxf6 Kb7 49. Re6 Bc2 50. Rxe5 Kxb6 51. Ke3 Kc6 52. Kf4 Kd6 53. Re2 Bb1 54. Kg5 Bf5 55. Re8 1-0

[Event "Pula op 35th"]
[Site "Pula"]
[Date "2023.06.17"]
[Round "1"]
[White "Cvitan, Ena"]
[Black "Sekova, Olivia"]
[Result "1-0"]
[WhiteElo "2294"]
[BlackElo "1798"]
[PlyCount "91"]
[EventDate "2023.06.17"]
[EventType "swiss"]
[EventRounds "9"]
[EventCountry "CRO"]
[SourceTitle "CBM 214 Extra"]
[Source "ChessBase"]
[SourceDate "2023.07.31"]
[SourceVersion "1"]
[SourceVersionDate "2023.07.31"]
[SourceQuality "1"]

1. d4 Nf6 2. c4 g6 3. Nc3 Bg7 4. e4 d6 5. h3 e5 6. d5 Nfd7 7. Be3 a5 8. g4 Bf6 9. Qd2 h6 10. Nf3 Bg7 11. 0-0-0 Na6 12. Be2 Nac5 13. Kb1 a4 14. h4 a3 15. b3 Qe7 16. h5 gxh5 17. gxh5 Nxe4 18. Nxe4 f5 19. Nh4 Nf8 20. f3 fxe4 21. fxe4 Bd7 22. Rdg1 0-0-0 23. Qa5 c5 24. Bg4 Bf6 25. Nf5 Bxf5 26. Bxf5+ Kb8 27. b4 b6 28. Qxb6+ Qb7 29. Qxb7+ Kxb7 30. bxc5 dxc5 31. Bxc5 Bg5 32. Rh3 Nd7 33. Bxd7 Rxd7 34. Rxa3 Ra8 35. Rxa8 Kxa8 36. Bb4 Rf7 37. c5 Rf4 38. Bd2 Rxe4 39. Bxg5 hxg5 40. Rxg5 Rb4+ 41. Kc2 Rc4+ 42. Kb3 Rxc5 43. Rxe5 Kb7 44. h6 Rc8 45. h7 Rh8 46. Re7+ 1-0

[Event "CRO-ch (Women)"]
[Site "Buzin"]
[Date "2022.12.08"]
[Round "2"]
[White "Cvitan, Ena"]
[Black "Purkic, Ruza"]
[Result "1-0"]
[WhiteElo "2299"]
[BlackElo "1658"]
[PlyCount "61"]
[EventDate "2022.12.07"]
[EventType "tourn"]
[EventRounds "7"]
[EventCountry "CRO"]
[SourceTitle "CBM 212 Extra"]
[Source "ChessBase"]
[SourceDate "2023.03.31"]
[SourceVersion "1"]
[SourceVersionDate "2023.03.31"]
[SourceQuality "1"]

1. d4 Nf6 2. c4 c5 3. d5 b5 4. Qc2 bxc4 5. e4 d6 6. Bxc4 Nbd7 7. Nf3 g6 8. h3 Bg7 9. 0-0 0-0 10. Nc3 Nb6 11. Be2 a6 12. Bf4 Qc7 13. Bh2 Rb8 14. Rad1 Nbd7 15. b3 Bb7 16. Rfe1 Nb6 17. Kh1 Nfd7 18. Nb1 Rfc8 19. Na3 Nf6 20. Bc4 Qd8 21. Qe2 a5 22. Nb5 a4 23. e5 Nfxd5 24. exd6 exd6 25. Nxd6 Nc3 26. Nxc8 Qxc8 27. Qe7 Qf5 28. Bxb8 Bd5 29. Qd8+ Bf8 30. Bd6 Nd7 31. Bxf8 1-0

[Event "Hvar Arsenal op"]
[Site "Hvar"]
[Date "2022.10.08"]
[Round "1"]
[White "Cvitan, Ena"]
[Black "Friscic, Matej"]
[Result "1-0"]
[WhiteElo "2239"]
[BlackElo "1799"]
[PlyCount "139"]
[EventDate "2022.10.08"]
[EventType "swiss"]
[EventRounds "9"]
[EventCountry "CRO"]
[SourceTitle "CBM 210 Extra"]
[Source "ChessBase"]
[SourceDate "2022.11.30"]
[SourceVersion "1"]
[SourceVersionDate "2022.11.30"]
[SourceQuality "1"]

1. d4 d5 2. c4 c6 3. cxd5 cxd5 4. Nc3 Nf6 5. Bf4 Nc6 6. e3 a6 7. Bd3 e6 8. Rc1 Bd7 9. h3 Be7 10. Nf3 0-0 11. 0-0 b5 12. Ne5 Na5 13. Qe2 Bc8 14. Nb1 Bd6 15. Bg5 h6 16. Bh4 Be7 17. Rc2 Bb7 18. Rfc1 Nc4 19. f4 Nxe5 20. fxe5 Ne8 21. Bxe7 Qxe7 22. Nd2 f6 23. Qg4 f5 24. Qg6 Qf7 25. Qxf7+ Rxf7 26. Nb3 Kf8 27. a4 bxa4 28. Nc5 Bc8 29. Nxa4 Bd7 30. Nc5 Bc8 31. Ra1 Rfa7 32. Ra5 Nc7 33. Na4 Rb8 34. Rac5 Bd7 35. Rxc7 Rxc7 36. Rxc7 Bxa4 37. Bxa6 Rxb2 38. Bc8 Rb6 39. Kf2 Be8 40. g4 fxg4 41. hxg4 Bf7 42. Kf3 g5 43. Bd7 Bg6 44. Rc8+ Ke7 45. Ba4 Ra6 46. Bc2 Bxc2 47. Rxc2 Ra7 48. Rh2 Ra1 49. Rxh6 Rf1+ 50. Kg2 Re1 51. Kf2 Ra1 52. Rg6 Kf7 53. Rxg5 Rh1 54. Rh5 Ra1 55. Rh7+ Kg6 56. Re7 Ra6 57. Kf3 Kg5 58. Rg7+ Kh6 59. Rd7 Ra8 60. Rd6 Re8 61. e4 dxe4+ 62. Kxe4 Kg5 63. d5 exd5+ 64. Rxd5 Kxg4 65. Rd1 Kg5 66. Rg1+ Kh6 67. Kf5 Rf8+ 68. Ke6 Re8+ 69. Kf6 Rf8+ 70. Ke7 1-0